|
|
|
|
| LEADER |
00884nam a2200337 4500 |
| 001 |
DLU090074663 |
| 005 |
##20090603 |
| 040 |
# |
# |
|a DLU
|b vie
|
| 041 |
# |
# |
|a vie
|
| 044 |
# |
# |
|a vn
|
| 082 |
# |
# |
|a 572.8
|b Cos
|
| 245 |
# |
# |
|a Cơ sở sinh học phân tử /
|c Lê Duy Thành chủ biên, ... [và những người khác].
|
| 260 |
# |
# |
|a H. :
|b Giáo dục,
|c 2008.
|
| 300 |
# |
# |
|a 331 tr. :
|b minh hoạ ;
|c 24 cm.
|
| 504 |
# |
# |
|a Tài liệu tham khảo: tr.331.
|
| 653 |
# |
# |
|a Sinh học phân tử
|
| 700 |
# |
# |
|a Đỗ Lê Thăng.
|
| 700 |
# |
# |
|a Đinh Đoàn Long.
|
| 700 |
# |
# |
|a Lê Duy Thành,
|e chủ biên.
|
| 700 |
# |
# |
|a Trần Thị Hồng.
|
| 923 |
# |
# |
|a 04/2009
|
| 991 |
# |
# |
|a GT
|
| 992 |
# |
# |
|a 39000
|
| 994 |
# |
# |
|a DLU
|
| 900 |
# |
# |
|a True
|
| 911 |
# |
# |
|a Đào Thị Thu Huyền
|
| 925 |
# |
# |
|a G
|
| 926 |
# |
# |
|a A
|
| 927 |
# |
# |
|a SH
|
| 980 |
# |
# |
|a Thư viện Trường Đại học Đà Lạt
|